00419nam a2200145Ia 4500100001100000942000700011654001800018245003000036260005500066082001900121300000700140546001200147999001700159952009700176 aAICTE  cBK asatellite TV aSatellite TV C-NO : 345 bContinuing Education Programmer AICTEaBangalore a621.388bAICTE a62 aENGLISH c24699d24699 001040708CRCaCRCEbCRCEd2023-03-17l0o621.388 AICTEp12029r2023-03-17w2023-03-17yBK